[Event "Brasil op 3rd"]
[Site "Brazil"]
[Date "2010.04.04"]
[Round "6"]
[White "Cardoso, Almir Correia"]
[Black "Moreno, Leone"]
[Result "0-1"]
[WhiteElo "2006"]
[BlackElo "2135"]
[PlyCount "52"]
[EventDate "2010.04.01"]
[EventType "swiss"]
[EventRounds "7"]
[EventCountry "BRA"]
[SourceTitle "EXT 2012"]
[Source "ChessBase"]
[SourceDate "2011.11.24"]
[SourceVersion "1"]
[SourceVersionDate "2011.11.24"]
[SourceQuality "1"]

1. e4 c5 2. Nf3 Nc6 3. Bb5 g6 4. d4 cxd4 5. Nxd4 Bg7 6. Be3 Nf6 7. f3 0-0 8. Nc3 a6 9. Bxc6 bxc6 10. Qd2 c5 11. Nb3 d6 12. 0-0-0 c4 13. Nd4 Qc7 14. Kb1 Rb8 15. Ka1 Rd8 16. Rb1 Bb7 17. g4 e5 18. Nde2 d5 19. exd5 Nxd5 20. Nxd5 Bxd5 21. Qc3 Bxf3 22. Bb6 Qxb6 23. Qxf3 e4 24. Qa3 Rd5 25. Nc3 Ra5 26. Qe7 Bf6 0-1

[Event "Brasil op 3rd"]
[Site "Brazil"]
[Date "2010.04.04"]
[Round "7"]
[White "Moreno, Leone"]
[Black "Santiago, Yago de Moura"]
[Result "1-0"]
[WhiteElo "2135"]
[BlackElo "2285"]
[PlyCount "81"]
[EventDate "2010.04.01"]
[EventType "swiss"]
[EventRounds "7"]
[EventCountry "BRA"]
[SourceTitle "EXT 2012"]
[Source "ChessBase"]
[SourceDate "2011.11.24"]
[SourceVersion "1"]
[SourceVersionDate "2011.11.24"]
[SourceQuality "1"]

1. e4 c5 2. Nf3 Nc6 3. d4 cxd4 4. Nxd4 e5 5. Nb5 d6 6. N1c3 a6 7. Na3 b5 8. Nd5 Nge7 9. c4 Nd4 10. Nc2 Nxc2+ 11. Qxc2 Nxd5 12. cxd5 Bd7 13. Be3 Rc8 14. Qd2 g6 15. Bd3 Bg7 16. 0-0 0-0 17. Rfc1 f5 18. f3 Rxc1+ 19. Rxc1 f4 20. Bf2 g5 21. h3 h5 22. Kf1 g4 23. hxg4 hxg4 24. Ke2 Bf6 25. Qb4 Be7 26. Kd2 a5 27. Qc3 Bh4 28. Ba7 Be7 29. Qc7 Kf7 30. Qb7 gxf3 31. gxf3 Rh8 32. Be2 Rh2 33. Rc7 Bh3 34. Bg1 Rg2 35. Bb6 Kf6 36. Kd1 Rh2 37. Bxa5 Qg8 38. Rxe7 Qg1+ 39. Be1 Qd4+ 40. Kc1 Qc5+ 41. Kb1 1-0

[Event "Brasil op 3rd"]
[Site "Brazil"]
[Date "2010.04.03"]
[Round "5"]
[White "Arcanjo da Vitoria, Thiago"]
[Black "Moreno, Leone"]
[Result "0-1"]
[WhiteElo "2025"]
[BlackElo "2135"]
[PlyCount "64"]
[EventDate "2010.04.01"]
[EventType "swiss"]
[EventRounds "7"]
[EventCountry "BRA"]
[SourceTitle "EXT 2012"]
[Source "ChessBase"]
[SourceDate "2011.11.24"]
[SourceVersion "1"]
[SourceVersionDate "2011.11.24"]
[SourceQuality "1"]

1. e4 c5 2. Nf3 Nc6 3. d4 cxd4 4. Nxd4 Nf6 5. Nc3 e5 6. Nf5 d5 7. exd5 Bxf5 8. dxc6 bxc6 9. Bd3 e4 10. Qe2 Bb4 11. Bd2 0-0 12. Bc4 Re8 13. 0-0 Qc7 14. h3 Bc5 15. Be3 Bd6 16. Bd4 Rad8 17. Bxf6 gxf6 18. Qh5 Bg6 19. Qh4 f5 20. Rad1 Be7 21. Qg3 f4 22. Qg4 Qe5 23. Rxd8 Rxd8 24. Rd1 Bd6 25. f3 Qc5+ 26. Kh1 Qxc4 27. Nxe4 Be7 28. Rxd8+ Bxd8 29. Qd7 Qd5 30. Nd6 Bh4 31. Qc8+ Kg7 32. Ne4 Bg3 0-1

[Event "Brasil op 3rd"]
[Site "Brazil"]
[Date "2010.04.01"]
[Round "1"]
[White "Moreno, Leone"]
[Black "Ribeiro, Matheus Cavalcante"]
[Result "1-0"]
[WhiteElo "2135"]
[BlackElo "2162"]
[PlyCount "69"]
[EventDate "2010.04.01"]
[EventType "swiss"]
[EventRounds "7"]
[EventCountry "BRA"]
[SourceTitle "EXT 2012"]
[Source "ChessBase"]
[SourceDate "2011.11.24"]
[SourceVersion "1"]
[SourceVersionDate "2011.11.24"]
[SourceQuality "1"]

1. d4 Nf6 2. Bg5 c5 3. Bxf6 gxf6 4. d5 Qb6 5. Qc1 f5 6. e3 Bg7 7. c3 d6 8. Nh3 Nd7 9. Nd2 Qc7 10. Qc2 Ne5 11. Be2 0-0 12. Nf4 Bd7 13. Nh5 Bh6 14. Bd3 c4 15. Bxf5 Bxf5 16. Qxf5 Nd3+ 17. Ke2 Nxb2 18. Ne4 f6 19. h4 Nd3 20. Rh3 Nc5 21. Nxc5 Qxc5 22. Rg3+ Kh8 23. Rg6 e6 24. Qc2 hxg6 25. Qxg6 Qc7 26. Qxh6+ Qh7 27. Qxh7+ Kxh7 28. dxe6 Kg6 29. Nf4+ Kf5 30. Rd1 Rfd8 31. Rd5+ Kg4 32. f3+ Kg3 33. h5 Rac8 34. h6 Rc7 35. Rh5 1-0